000 00486nam a2200181 a 4500
001 23890
003 CO-ViMGA
008 141112s2004 ck r 000 u spa d
020 _a8497423976
040 _aCO-ViMGA
_bspa
_cCO-ViMGA
082 0 4 _aSMEa
100 1 _aSmerdou, Macarena
_934617
245 1 0 _aA carlota no le gusta el amarrillo /
_cMacarena Smerdou
260 _aEspaƱa :
_bbiblioteca nueva,
_cS.L
300 _a24p.
650 1 4 _aCUENTOS INFANTILES
_92743
942 _2ddc
_cBK
999 _c31963
_d31963